000 00311nam a22001337a 4500
008 180314b xxu||||| |||| 00| 0 eng d
020 _a9780397550036
041 _aeng
080 _22nd
_a610.73
100 _a1
101 _aINF
245 _aHealth assessment a nursing approach
_cFuller,J
942 _2udc
_cBK
999 _c44940
_d44940